000 00664nam a2200193 i 4500
001 65465
003 ES-MaACL
005 20240125063132.0
007 t|
008 040114s1972 sp ||||1| spa d
100 1 _aFreud, Sigmund,
_d1856-1939
_952547
245 1 0 _aTres ensayos sobre teoría sexual
_b: [fetichismo] /
_cSigmund Freud ; [traductor, Luis López Ballesteros y de Torres y Ramón Rey Ardid].
260 _aMadrid :
_bAlianza,
_c[1972]
300 _a158 p. ;
_c18 cm.
700 1 _aLópez-Ballesteros y de Torres, Luis.
_973432
700 1 _aRey Ardid, Ramón.
_996517
852 _aES-MaACL
_jC-52638
_bR.82243
999 _c65465
_d65465